000 00511nam a2200181Ia 4500
005 20250508154114.0
008 008 250505s9999 xx 000 0 eng d
037 _aTextual
040 _aFEDL
_beng
_cFEDL
041 _aeng
_2eng
084 _a377.2, CAS
_qFEDL
100 _aCastle E B
245 0 _aEducating the good man : Moral education in Christian times
260 _aNew York, USA
_bCollier Books
_c1962
300 _a382p
942 _cTEXL
_h377.2, CAS
999 _c1347661
_d1347661